000
00462nam a2200145Ia 4500
008
100122s9999 xx 000 0 und d
082
_b
20109
_a
823.08
100
_a
अग्निहोत्री अ शं
245
_a
रहाट गाडगे
260
_b
भगवानदास हिरजी प्रकाशन
_c
1974
300
_a
207
630
_a
रहाट गाडगे
730
_a
रहाट गाडगे
942
_c
BOOK
999
_c
408884
_d
408881